Esportes em que o Brasil NÃO possuí medalhas olímpicas - Statistics

Estatísticas Gerais
  • Esse quiz foi jogado 84 vezes
  • A pontuação média é 12 de 21
Estatísticas das Respostas
Melhor Colocação Edição Esporte % Correto
Hugo Calderano (4º) Paris 2024 Tênis de Mesa
86%
Marcus D'Almeida e Ana Luiza Caetano (10º) Paris 2024 Tiro com Arco
78%
Ana Sátila (4º) Paris 2024 Canoagem Slalom
76%
Feminino (5º) Rio 2016 Handebol
70%
Hugo Parisi e Jackson Rondinelli (8º) Rio 2016 Saltos Ornamentais
70%
Ygor Coelho (Grupos) Paris 2024 Badminton
68%
Gustavo "Bala Loka" (6º) Paris 2024 Ciclismo
66%
Ryan Dutra (12º) Paris 2024 Ginástica de Trampolim
65%
Miguel Hidalgo (10º) Paris 2024 Triatlo
65%
Grupos (9º) Paris 2024 Ginástica Rítmica
64%
Nathalie Moellhausen (6º) Rio 2016 Esgrima
61%
Giullia Penalber (5º) Paris 2024 Lutas
55%
Nunca Classificado - Basquete 3x3
54%
Masculino (12º) Rio 2016 Hóquei
51%
Feminino (9º) Rio 2016 Rugby Sevens
51%
Laura Amaro (7º) Paris 2024 Halterofilismo
50%
Masculino (6º) Antuérpia 1920 Polo Aquático
49%
Grupos (6º) Rio 2016 Natação Artística
46%
Adilson da Silva (39º) Rio 2016 Golfe
36%
Nunca Classificado - Escalada
32%
Paulo Cesar Dvorawski (12º) Moscou 1980 Remo
32%
Nenhum quiz correspondente encontrado
Distribuição das Pontuações
Porcentagem de Pessoas com Cada Pontuação
Percentil de Números Respondidos
Sua Pontuação Histórica
Você não jogou esse quiz